00552nam a2200193Ia 450000500170000000800410001702000180005808200150007624500430009126000400013430000140017465000120018865000100020065000110021070000190022194200060024095200970024699900150034320241128030809.0240331s9999 xx 000 0 und d a9789889966935 bASIa6413  0aAsia literary review Vol.6 winter 2007 aHong KongbPrint Work Limitedc2007 a262 p .,  aFiction aPoems aEssays aWood, C. eedt cL 001040708LaWERCLbWERCLcSSCd2024-03-31l0o 894.8 ASIp6413r2024-03-31w2024-03-31yL c4451d4451